书目信息 |
| 题名: |
阿米巴经营
|
|
| 作者: | 稻盛和夫 著 ;陈忠 译 | |
| 分册: | ||
| 出版信息: | 北京 中国大百科全书出版社 2009.10 |
|
| 页数: | 227页 | |
| 开本: | 23cm | |
| 丛书名: | ||
| 单 册: | ||
| 中图分类: | F279.313.3 | |
| 科图分类: | ||
| 主题词: | 企业管理--经验--日本--现代 , 企业管理 | |
| 电子资源: | ||
| ISBN: | 978-7-5000-8169-2 | |
| 000 | 01028nam0 2200253 450 | |
| 001 | 010070000438 | |
| 005 | 20120626152640.17 | |
| 010 | @a978-7-5000-8169-2@dCNY28.00 | |
| 100 | @a20091127d2009 em y0chiy0110 ea | |
| 101 | 1 | @achi@cjpn |
| 102 | @aCN@b110000 | |
| 105 | @aafk z 000yy | |
| 106 | @ar | |
| 200 | 1 | @a阿米巴经营@9a mi ba jing ying@f(日)稻盛和夫[著]@g陈忠译 |
| 210 | @a北京@c中国大百科全书出版社@d2009.10 | |
| 215 | @a227页@c照片@d23cm | |
| 330 | @a“阿米巴经营”基于牢固的经营哲学和精细的部门独立核算管理,将企业划分为“小集体”,像自由自在的重复进行细胞分裂的“阿米巴”——以各个“阿米巴”为核心,自行制订计划,独立核算,持续自主成长,让每一位员工成为主角,“全员参与经营”,打造激情四射的集体,依靠全体智慧和努力完成企业经营目标,实现企业的飞速发展。 | |
| 606 | 0 | @a企业管理@x经验@y日本@z现代 |
| 606 | 0 | @a企业管理 |
| 690 | @aF279.313.3@v4 | |
| 701 | 0 | @c(日)@a稻盛和夫@9dao sheng he fu@4著 |
| 702 | 0 | @a陈忠@9chen zhong@4译 |
| 801 | 0 | @aCN@bRENTIAN@c20091127 |
| 905 | @b540847-51@dF279.313.3@e934@f5 | |
| 阿米巴经营/(日)稻盛和夫[著]/陈忠译.-北京:中国大百科全书出版社,2009.10 |
| 227页:照片;23cm |
| ISBN 978-7-5000-8169-2:CNY28.00 |
| “阿米巴经营”基于牢固的经营哲学和精细的部门独立核算管理,将企业划分为“小集体”,像自由自在的重复进行细胞分裂的“阿米巴”——以各个“阿米巴”为核心,自行制订计划,独立核算,持续自主成长,让每一位员工成为主角,“全员参与经营”,打造激情四射的集体,依靠全体智慧和努力完成企业经营目标,实现企业的飞速发展。 |
| ● |
| 相关链接 |
|
|
|
|
正题名:阿米巴经营
索取号:F279.313.3/934
 
预约/预借
| 序号 | 登录号 | 条形码 | 馆藏地/架位号 | 状态 | 备注 |
| 1 | 540847 | 205408478 | 第一样本阅览室/ [索取号:F279.313.3/934] | 在馆 | |
| 2 | 540848 | 205408487 | 第一借阅区/ [索取号:F279.313.3/934] | 在馆 | |
| 3 | 540849 | 205408496 | 第一借阅区/ [索取号:F279.313.3/934] | 在馆 | |
| 4 | 540850 | 205408502 | 第一借阅区/ [索取号:F279.313.3/934] | 在馆 | |
| 5 | 540851 | 205408511 | 第一借阅区/ [索取号:F279.313.3/934] | 在馆 |